000 00574nam a2200193 a 4500
001 10513
003 CO-ViMGA
008 141112s2004 ck r 000 u spa d
040 _aCO-ViMGA
_bspa
_cCO-ViMGA
082 0 4 _a986.33 S15a3
100 1 _aSanta ; Eduardo,
_914166
245 1 0 _aArrieros y Fundadores :
_bAspectos de la Colonización Antioqueña
250 _a2
260 _aIbague :
_bInstituto de Cultura,
_c1984
300 _a210p.
650 1 4 _aANTIOQUIA - COLOMBIA - COLONIZACION
_914167
650 1 4 _aANTIOQUIA - COLOMBIA - HISTORIA
_914168
942 _2ddc
_cBK
999 _c21839
_d21839